000 00732nam a22002057a 4500
999 _c17662
_d17662
003 AR-CdUCM
008 190509b ||||| |||| 00| 0 spa d
040 _aMUNICIPALIDAD PROVINCIAL DEL CUSCO
_cBIBLIOTECA MUNICIPAL DEL CUSCO
082 _a373.85 /
_bL93
100 _aLudeña Vega, Delfín A.
_937797
245 _aMetodología de la historia del Perú /
260 _aLima :
_bMiranda,
300 _a164 páginas ;
_c18 cm.
505 _aContenido : Generalidades -- Didáctica en acción -- La enseñanza de la historia del Perú mediante la visita a los museos y excursiones ...
650 _aMetodología
_92264
650 _aHistoria
_9136
650 _aPerú
_935
942 _2ddc
_cLIBROS
945 _arah
_d09/05/2019